000
00313nam a22001457a 4500
008
211018b ||||| |||| 00| 0 eng d
020
_a
97803211925831
041
_a
eng
080
_2
3rd
_a
311
082
_a
311
100
_a
54
101
_a
STA
245
_a
Business Statistics
_c
Sharpe,
942
_2
udc
_c
BK
999
_c
58246
_d
58246